000 00583nam a22001937a 4500
005 20260423072638.0
008 260423b |||||||| |||| 00| 0 eng d
020 _a9789358497748
_c390.00
040 _aMAIN
041 _aasm
082 _a370
_bDEK
100 _aDeka, Nabanita.
_dBora, Swapnali.
245 _aভাৰতীয় শিক্ষাত নৱ- পৰিক্ৰমা( Emerging Trends in Indian Education )
_cBy Nabanita Deka.
250 _a1st ed.
260 _aDibrugarh:
_bBanalata;
_c2026.
300 _a466p.
650 _aEducation
942 _2ddc
_cBK
999 _c16422
_d16422